000 00418nam a2200157Ia 4500
005 20250310015726.0
008 240331s9999 xx 000 0 und d
020 _a9559617206
082 _bDIN
_a891
100 _aDinpurna,B
245 0 _aKalu makarunge lookaya
260 _aColombo
_bDyawansa Jayakody & co
_c1997
300 _a138 p .,
500 _aStory of a underworld gang leader who has murdered.
942 _cL
999 _c4845
_d4845